|
|
|
|
| LEADER |
00000cam a2200000 4500 |
| 001 |
vtls012290921 |
| 003 |
SK-MaSNL |
| 005 |
20260505111533.0 |
| 008 |
260204s2025 xo a a 000 u slo |
| 015 |
|
|
|a SNBA2026/04
|
| 020 |
|
|
|a 9788056715680
|q (viazané)
|
| 040 |
|
|
|a SNK
|b slo
|c SNK
|e rda
|
| 041 |
1 |
|
|a slo
|h fre
|
| 044 |
|
|
|a xo
|c SK
|
| 072 |
|
7 |
|a 821-93
|x Literatúra pre deti a mládež (beletria)
|2 konspekt
|
| 080 |
|
|
|a 598.192
|2 2011
|
| 080 |
|
|
|a (0.025.2)
|2 2011
|
| 080 |
|
|
|a (0.053.2)
|2 2011
|
| 100 |
1 |
|
|a Choux, Nathalie,
|d 1967-
|4 ill
|9 170911
|
| 240 |
1 |
0 |
|a Tu es fort petit dinosaure!
|l Slovensky
|
| 245 |
1 |
0 |
|a Dobrý deň, malý dinosaurus!
|b moje prvé obrázkové príbehy
|c ilustrovala Nathalie Choux ; preklad a redakcia Jitka Madarásová
|
| 250 |
|
|
|a Prvé slovenské vydanie
|
| 264 |
|
1 |
|a Bratislava
|b Svojtka & Co., s.r.o.
|c 2025
|
| 300 |
|
|
|a 10 nečíslovaných strán
|b ilustrované listy
|c 17 cm
|
| 336 |
|
|
|a text
|b txt
|2 rdacontent
|
| 336 |
|
|
|a statický obraz
|b sti
|2 rdacontent
|
| 337 |
|
|
|a bez média
|b n
|2 rdamedia
|
| 338 |
|
|
|a zväzok
|b nc
|2 rdacarrier
|
| 490 |
1 |
|
|a Minipédia
|
| 500 |
|
|
|a Preložené z francúzskeho vydania
|
| 500 |
|
|
|a Publikácia má kartónové listy s výrezmi a posuvnými obrázkami
|
| 500 |
|
|
|a Názov z obálky
|
| 521 |
8 |
|
|a Pre deti od 12 mesiacov
|
| 650 |
0 |
7 |
|a dinosaury
|2 SNKPH
|9 31671
|
| 650 |
0 |
7 |
|a Dinosaurs
|2 SNKPHeng
|9 286425
|
| 655 |
|
7 |
|a leporelá
|2 SNKPH
|9 60414
|
| 655 |
|
7 |
|a publikácie pre deti
|2 SNKPH
|9 70148
|
| 655 |
|
7 |
|a taktilné knihy
|2 SNKPH
|9 338805
|
| 655 |
|
7 |
|a Picture books for children
|2 SNKPHeng
|9 277438
|
| 655 |
|
7 |
|a Publications for children
|2 SNKPHeng
|9 276792
|
| 700 |
1 |
|
|a Madarásová, Jitka
|4 trl
|4 red
|9 207448
|
| 700 |
1 |
|
|a Gendová, Martina
|4 pfr
|9 224445
|
| 830 |
|
0 |
|a Minipédia
|9 312773
|
| 852 |
|
|
|a Slovenská národná knižnica
|
| 919 |
|
|
|a 978-80-567-1568-0
|
| 954 |
|
|
|a ilustrované knihy, leporelá, komiksy cudzojazyčné (svetové)
|2 lita
|
| 958 |
|
|
|a DB
|
| 958 |
|
|
|a UP
|
| 968 |
|
|
|b FR
|
| 999 |
|
|
|c 961621
|d 963551
|
| 952 |
|
|
|a SNK
|b SNK
|c SNK_KF
|y PREZ
|7 8
|p 17A1583977
|o snkOSD 11236
|i snk2026/1878
|8 0
|0 0
|1 0
|4 0
|d 2026-02-04
|l 0
|r 2026-02-24 10:22:14
|w 2026-02-24
|
| 952 |
|
|
|a SNK
|b SNK
|y PREZ
|7 0
|p 17A1583978
|o snkOSD 11236 D1
|i snk2026/1879
|8 0
|0 0
|1 0
|4 0
|d 2026-02-04
|l 0
|r 2026-02-24 10:22:14
|w 2026-02-24
|